Stanley Cup Losers - Statistics

General Stats
  • This quiz has been taken 38 times
    31 since last reset
  • The average score is 44 of 95
Answer Stats
Year Team % Correct
2006 Edmonton Oilers
95%
2019 Boston Bruins
90%
2013 Boston Bruins
90%
2009 Detroit Red Wings
90%
2010 Philadelphia Flyers
90%
2016 San Jose Sharks
90%
2015 Tampa Bay Lightning
90%
2011 Vancouver Canucks
90%
2018 Vegas Golden Knights
90%
2020 Dallas Stars
86%
2021 Montreal Canadiens
86%
2017 Nashville Predators
86%
2008 Pittsburgh Penguins
86%
1999 Buffalo Sabres
81%
2014 New York Rangers
81%
2004 Calgary Flames
76%
2003 Mighty Ducks of Anaheim
76%
2012 New Jersey Devils
76%
2007 Ottawa Senators
76%
1996 Florida Panthers
71%
1993 Los Angeles Kings
71%
1991 Minnesota North Stars
71%
2001 New Jersey Devils
71%
1987 Philadelphia Flyers
71%
1994 Vancouver Canucks
71%
1990 Boston Bruins
67%
2002 Carolina Hurricanes
67%
2000 Dallas Stars
67%
1989 Montreal Canadiens
67%
1984 New York Islanders
67%
1997 Philadelphia Flyers
67%
1998 Washington Capitals
67%
1988 Boston Bruins
62%
1992 Chicago Blackhawks
62%
1983 Edmonton Oilers
62%
1985 Philadelphia Flyers
62%
1982 Vancouver Canucks
62%
1974 Boston Bruins
57%
1986 Calgary Flames
57%
1995 Detroit Red Wings
57%
1976 Philadelphia Flyers
57%
1978 Boston Bruins
52%
1977 Boston Bruins
52%
1981 Minnesota North Stars
52%
1980 Philadelphia Flyers
52%
1969 St. Louis Blues
52%
1968 St. Louis Blues
52%
1975 Buffalo Sabres
48%
1973 Chicago Black Hawks
48%
1979 New York Rangers
48%
1970 St. Louis Blues
48%
2005 Lockout
43%
1967 Montreal Canadiens
38%
1971 Chicago Black Hawks
33%
1966 Detroit Red Wings
29%
1972 New York Rangers
29%
1953 Boston Bruins
24%
1946 Boston Bruins
24%
1943 Boston Bruins
24%
1927 Boston Bruins
24%
1958 Boston Bruins
19%
1957 Boston Bruins
19%
1930 Boston Bruins
19%
1965 Chicago Black Hawks
19%
1962 Chicago Black Hawks
19%
1944 Chicago Black Hawks
19%
1961 Detroit Red Wings
19%
1949 Detroit Red Wings
19%
1948 Detroit Red Wings
19%
1945 Detroit Red Wings
19%
1942 Detroit Red Wings
19%
1934 Detroit Red Wings
19%
1955 Montreal Canadiens
19%
1954 Montreal Canadiens
19%
1947 Montreal Canadiens
19%
1960 Toronto Maple Leafs
19%
1940 Toronto Maple Leafs
19%
1931 Chicago Black Hawks
14%
1964 Detroit Red Wings
14%
1963 Detroit Red Wings
14%
1956 Detroit Red Wings
14%
1941 Detroit Red Wings
14%
1952 Montreal Canadiens
14%
1951 Montreal Canadiens
14%
1928 Montreal Maroons
14%
1950 New York Rangers
14%
1937 New York Rangers
14%
1932 New York Rangers
14%
1929 New York Rangers
14%
1959 Toronto Maple Leafs
14%
1939 Toronto Maple Leafs
14%
1938 Toronto Maple Leafs
14%
1936 Toronto Maple Leafs
14%
1935 Toronto Maple Leafs
14%
1933 Toronto Maple Leafs
14%
No matching quizzes found
Score Distribution
Percent of People with Each Score
Percentile by Number Answered
Your Score History
You have not taken this quiz since the last reset